[Event "Tournament 14459 - Europe Echecs"]
[Site "Europe Echecs"]
[Date "2020.07.07"]
[Round "2"]
[Time "14:43:03"]
[PlyCount "99"]
[White "AngeleAndreas"]
[Black "LegardeurAnton"]
[WhiteElo "799"]
[BlackElo "1115"]
[Mode "WEB"]
[Result "0-1"]

1. e4 Nf6 2. e5 Nd5 3. Nc3 Nxc3 4. bxc3 d6 5. exd6 exd6 6. d4 Nc6 7. Nf3 g6 8.
Bc4 Bg7 9. Bg5 Ne7 10. Bxe7 Qxe7+ 11. Qe2 Qxe2+ 12. Bxe2 O-O 13. h3 Re8 14. d5
Bf5 15. Nd4 Bd7 16. O-O Bxd4 17. cxd4 Rxe2 18. Rfe1 Rxe1+ 19. Rxe1 Re8 20. Rxe8+
Bxe8 21. g4 Kg7 22. f4 f5 23. gxf5 gxf5 24. Kg2 a5 25. Kg3 b5 26. Kh4 Kg6 27.
Kg3 h5 28. h4 c5 29. dxc5 dxc5 30. Kf2 b4 31. Ke2 Bf7 32. Kd3 Bxd5 33. Kd2 c4
34. Kc1 a4 35. Kb2 Kf6 36. c3 b3 37. axb3 cxb3 38. Ka3 Ke6 39. Kxa4 b2 40. c4
Bxc4 41. Ka3 b1=Q 42. Ka4 Qb5+ 43. Ka3 Qc5+ 44. Ka4 Qb6 45. Ka3 Kd5 46. Ka4 Bb3+
47. Ka3 Bd1 48. Ka2 Kc4 49. Ka3 Qb3# {AngeleAndreas est échec et mat} 0-1

[Event "Tournament 14459 - Europe Echecs"]
[Site "Europe Echecs"]
[Date "2020.07.07"]
[Round "2"]
[Time "14:43:03"]
[PlyCount "83"]
[White "BaudinMarkus"]
[Black "BildsteinNolan"]
[WhiteElo "799"]
[BlackElo "1111"]
[Mode "WEB"]
[Result "0-1"]

1. e4 e5 2. Bc4 Nf6 3. a4 Bc5 4. Ba2 Nxe4 5. Nh3 d5 6. d3 Bxh3 7. Be3 Bxe3 8.
fxe3 Bxg2 9. dxe4 Qh4+ 10. Kd2 Qf2+ 11. Kc1 Qxe3+ 12. Nd2 Bxh1 13. Qxh1 dxe4 14.
Qf1 Qf4 15. Qc4 O-O 16. Kb1 Qxd2 17. b3 Qd1+ 18. Kb2 Qd4+ 19. Ka3 Qxc4 20. bxc4
Nc6 21. Rg1 Rad8 22. Bb1 Rd4 23. c3 Rxc4 24. Kb3 Na5+ 25. Kc2 Rd8 26. Rg5 Rd3
27. Rxe5 Rdxc3+ 28. Kb2 Rb3+ 29. Ka1 Rxa4+ 30. Ba2 h6 31. Rc5 Rba3 32. Rc2 Rxa2+
33. Rxa2 Rxa2+ 34. Kxa2 Nc4 35. h4 e3 36. Kb1 e2 37. Kc1 e1=Q+ 38. Kc2 Qd2+ 39.
Kb3 Qd3+ 40. Ka2 Qc2+ 41. Ka1 Qb2# {BaudinMarkus est échec et mat} 0-1

[Event "Tournament 14459 - Europe Echecs"]
[Site "Europe Echecs"]
[Date "2020.07.07"]
[Round "2"]
[Time "14:43:03"]
[PlyCount "53"]
[White "BernardLudovic"]
[Black "HammRodrigue"]
[WhiteElo "799"]
[BlackElo "1109"]
[Mode "WEB"]
[Result "0-1"]

1. e4 c5 2. Nf3 Nc6 3. Bc4 d6 4. d4 cxd4 5. Nxd4 Nf6 6. Qf3 Nxd4 7. Qf4 Nxc2+ 8.
Kd1 Nxa1 9. Qe3 Bg4+ 10. Ke1 Nc2+ 11. Kd2 Nxe3 12. Kxe3 Qb6+ 13. Kd2 Nxe4+ 14.
Kc2 Qxf2+ 15. Kb3 a5 16. Bb5+ Kd8 17. Rd1 Bxd1+ 18. Kc4 Qc5+ 19. Kd3 Bc2+ 20.
Ke2 Qxb5+ 21. Kf3 Qf1+ 22. Kg4 f5+ 23. Kh3 Qd3+ 24. Kh4 g5+ 25. Kh5 Qe2+ 26. g4
Qxg4# {BernardLudovic est échec et mat} 0-1

[Event "Tournament 14459 - Europe Echecs"]
[Site "Europe Echecs"]
[Date "2020.07.07"]
[Round "2"]
[Time "14:43:03"]
[PlyCount "61"]
[White "BlanchardEmile"]
[Black "LoppinLylou"]
[WhiteElo "799"]
[BlackElo "1102"]
[Mode "WEB"]
[Result "0-1"]

1. e4 e5 2. Nf3 Nc6 3. Nc3 Nf6 4. Bc4 Be7 5. d3 O-O 6. Bg5 d6 7. Qd2 h6 8. Be3
Bd7 9. O-O-O Ng4 10. Na4 Nf6 11. h4 d5 12. exd5 Bb4 13. Qe2 Na5 14. Qf1 Bxa4 15.
Nxe5 Qd6 16. Nf3 Nxc4 17. dxc4 Qa6 18. Bd2 Qb6 19. Bxb4 Qxb4 20. a3 Qd6 21. Rh2
Qf4+ 22. Kb1 Qe4 23. Re1 Qxc2+ 24. Ka2 Qb3+ 25. Kb1 Ng4 26. Rh1 Qb6 27. Ne5 Qd4
28. Nxg4 Qxg4 29. f3 Qg6+ 30. Kc1 Qc2# {BlanchardEmile est échec et mat} 0-1

[Event "Tournament 14459 - Europe Echecs"]
[Site "Europe Echecs"]
[Date "2020.07.07"]
[Round "2"]
[Time "14:43:03"]
[PlyCount "55"]
[White "BeddiarSouhil"]
[Black "ColinFelix"]
[WhiteElo "1100"]
[BlackElo "799"]
[Mode "WEB"]
[Result "0-1"]

1. e4 e5 2. Bc4 Nf6 3. Nf3 Nc6 4. Nc3 Bb4 5. Bb5 Bxc3 6. bxc3 d6 7. Bxc6+ bxc6
8. O-O Bg4 9. Ba3 Be6 10. Qe2 Bg4 11. Qa6 O-O 12. Qxc6 h6 13. Bb4 Bxf3 14. gxf3
Rc8 15. Qb7 Rb8 16. Qxa7 Qd7 17. Ba5 Rbc8 18. Rab1 c6 19. Rb7 Qh3 20. Bb4 c5 21.
Rc7 Rxc7 22. Qxc7 Qxf3 23. Qxd6 Re8 24. Bxc5 Nh5 25. Qd7 Re6 26. Qd8+ Kh7 27.
Qf8 Rg6# {BeddiarSouhil est échec et mat} 0-1

[Event "Tournament 14459 - Europe Echecs"]
[Site "Europe Echecs"]
[Date "2020.07.07"]
[Round "2"]
[Time "14:43:03"]
[PlyCount "36"]
[White "BelliniMatteo"]
[Black "DurieuxSacha"]
[WhiteElo "1098"]
[BlackElo "799"]
[Mode "WEB"]
[Result "1-0"]

1. e4 h5 2. d4 Nf6 3. Nc3 Nxe4 4. Nxe4 Rh6 5. Bxh6 gxh6 6. Qxh5 Bg7 7. Ne2 Kf8
8. O-O-O Bxd4 9. Nxd4 f5 10. Qxf5+ Ke8 11. Qg6+ Kf8 12. Qxh6+ Ke8 13. Qh8+ Kf7
14. Qxd8 Na6 15. Bc4+ Kg7 16. Qg8+ Kh6 17. Nf5+ Kh5 18. Qg5# {DurieuxSacha est échec et mat} 1-0

[Event "Tournament 14459 - Europe Echecs"]
[Site "Europe Echecs"]
[Date "2020.07.07"]
[Round "2"]
[Time "14:43:03"]
[PlyCount "53"]
[White "CazacuSofia"]
[Black "RomangNicolasT"]
[WhiteElo "799"]
[BlackElo "1090"]
[Mode "WEB"]
[Result "0-1"]

1. e4 c6 2. d3 d5 3. Nc3 Nf6 4. Bg5 Bg4 5. f3 Bc8 6. h4 e6 7. Nh3 Bb4 8. Qd2 O-O
9. a3 Bxc3 10. Qxc3 h6 11. Bf4 b6 12. O-O-O b5 13. Qb3 Nbd7 14. g4 Nc5 15. Qb4
Na6 16. Qb3 Nc5 17. Qb4 Na6 18. Qc3 Nd7 19. Qb3 Ndc5 20. Qc3 d4 21. Qd2 Nb7 22.
g5 Qa5 23. b4 Qxa3+ 24. Kb1 Nxb4 25. gxh6 Qa2+ 26. Kc1 Qa1# {CazacuSofia est échec et mat} 0-1

[Event "Tournament 14459 - Europe Echecs"]
[Site "Europe Echecs"]
[Date "2020.07.07"]
[Round "2"]
[Time "14:43:03"]
[PlyCount "42"]
[White "MigusEthan"]
[Black "FassiMaeliaAl"]
[WhiteElo "1084"]
[BlackElo "799"]
[Mode "WEB"]
[Result "1-0"]

1. e4 e5 2. Nf3 Nf6 3. Nc3 Bd6 4. Bc4 O-O 5. d3 Qe7 6. Bg5 h6 7. Bh4 Nc6 8. Nd5
Qd8 9. Nxf6+ Kh8 10. Nd5 Kg8 11. Bxd8 Nxd8 12. Qd2 Nc6 13. O-O-O Nd8 14. h4 Nc6
15. g4 Bc5 16. g5 d6 17. gxh6 Kh7 18. hxg7 Kxg7 19. Qg5+ Kh7 20. Nf6+ Kh8 21.
Qh6# {FassiMaeliaAl est échec et mat} 1-0

[Event "Tournament 14459 - Europe Echecs"]
[Site "Europe Echecs"]
[Date "2020.07.07"]
[Round "2"]
[Time "14:43:03"]
[PlyCount "63"]
[White "EripretRaoul"]
[Black "PerrinCyril"]
[WhiteElo "799"]
[BlackElo "1084"]
[Mode "WEB"]
[Result "0-1"]

1. d4 Nf6 2. Nc3 e6 3. Bf4 d5 4. Nb5 Na6 5. e3 c6 6. Nc3 Nc7 7. Bxc7 Qxc7 8. Nf3
Bb4 9. a3 Bxc3+ 10. bxc3 O-O 11. Nh4 Bd7 12. Qf3 c5 13. dxc5 Qxc5 14. Qe2 Qxc3+
15. Qd2 Rac8 16. Rc1 Qxa3 17. Qd1 Rc6 18. Bb5 Qa5+ 19. Kf1 Qxb5+ 20. Qe2 Qxe2+
21. Kxe2 Rfc8 22. Kd1 Ne4 23. Rf1 Rc4 24. g3 Ba4 25. f3 Nc3+ 26. Kd2 g5 27. Ng2
Na2 28. Ra1 Rxc2+ 29. Kd1 Rxg2+ 30. Ke1 Rcc2 31. Rxa2 Rc1# {EripretRaoul est échec et mat} 0-1

[Event "Tournament 14459 - Europe Echecs"]
[Site "Europe Echecs"]
[Date "2020.07.07"]
[Round "2"]
[Time "14:43:03"]
[PlyCount "77"]
[White "FongaroLeon"]
[Black "GrederBaptiste"]
[WhiteElo "799"]
[BlackElo "1080"]
[Mode "WEB"]
[Result "0-1"]

1. e4 e5 2. Nf3 Nc6 3. Nc3 Nf6 4. Bb5 a6 5. Bxc6 dxc6 6. d3 Bb4 7. Bg5 h6 8.
Bxf6 gxf6 9. O-O O-O 10. Qe2 Bg4 11. a3 Bc5 12. Rae1 Re8 13. b4 Bb6 14. a4 c5
15. bxc5 Bxc5 16. a5 b6 17. axb6 cxb6 18. Na4 b5 19. Nxc5 a5 20. c4 b4 21. Nb7
Qd7 22. Nc5 Qd6 23. Nb7 Qb6 24. Nxa5 Rxa5 25. Rb1 Ra3 26. Qd2 Rea8 27. d4 Ra2
28. Qd3 R8a3 29. Qd1 Qa5 30. dxe5 Qa4 31. Qd8+ Kg7 32. Qxf6+ Kf8 33. Qh8+ Ke7
34. Rfd1 Ra1 35. Rxa1 Rxa1 36. Rf1 Rb1 37. Qxh6 Qa1 38. Qd2 Rxf1# {FongaroLeon est échec et mat} 0-1

[Event "Tournament 14459 - Europe Echecs"]
[Site "Europe Echecs"]
[Date "2020.07.07"]
[Round "2"]
[Time "14:43:03"]
[PlyCount "79"]
[White "OuadiSammy"]
[Black "GabeTom"]
[WhiteElo "1080"]
[BlackElo "799"]
[Mode "WEB"]
[Result "1-0"]

1. d4 e5 2. e3 Bd6 3. Nf3 Nf6 4. dxe5 Bxe5 5. Nxe5 d6 6. Nf3 Nc6 7. Nc3 Bg4 8.
Be2 Qd7 9. O-O O-O-O 10. a4 Ne4 11. Nxe4 Bf5 12. Nc3 Rde8 13. Bb5 a6 14. Bxc6
Qxc6 15. Nd4 Qd7 16. Nxf5 Qxf5 17. Qf3 Qe6 18. Bd2 f6 19. Ne2 f5 20. Nd4 Qe5 21.
Qxf5+ Qxf5 22. Nxf5 Ref8 23. Nd4 Kb8 24. Bc3 Rfg8 25. Ne6 c6 26. Bxg7 Rxg7 27.
Nxg7 Rg8 28. Ne6 Rg6 29. Nf4 Rf6 30. Rad1 d5 31. e4 dxe4 32. Ne2 Re6 33. Rd7 e3
34. Rfd1 exf2+ 35. Kxf2 Ka7 36. Rxh7 Rf6+ 37. Kg1 Re6 38. Ng3 Rd6 39. Rxd6 c5 {GabeTom a abandonné} 1-0

[Event "Tournament 14459 - Europe Echecs"]
[Site "Europe Echecs"]
[Date "2020.07.07"]
[Round "2"]
[Time "14:43:03"]
[PlyCount "34"]
[White "RobertLouis"]
[Black "GervaisClement"]
[WhiteElo "1080"]
[BlackElo "799"]
[Mode "WEB"]
[Result "1-0"]

1. e4 e5 2. Nf3 Nf6 3. Nxe5 Nxe4 4. Qe2 d6 5. Nf3 Bg4 6. Qxe4+ Be7 7. Qxg4 O-O
8. Nc3 Bf6 9. d4 Nc6 10. Be3 h6 11. Bxh6 Qe8+ 12. Be2 Rd8 13. O-O Ne5 14. Nxe5
Bxe5 15. dxe5 Qxe5 16. Nd5 Qxd5 17. Qxg7# {GervaisClement est échec et mat} 1-0

[Event "Tournament 14459 - Europe Echecs"]
[Site "Europe Echecs"]
[Date "2020.07.07"]
[Round "2"]
[Time "14:43:03"]
[PlyCount "38"]
[White "BaderThomas"]
[Black "GrenouillatFel"]
[WhiteElo "1072"]
[BlackElo "799"]
[Mode "WEB"]
[Result "1-0"]

1. e4 d6 2. d4 Qd7 3. Nc3 Qe6 4. Nf3 h6 5. d5 Rh7 6. dxe6 fxe6 7. Bd3 h5 8. e5
Kd8 9. Bxh7 a5 10. Bxg8 Ra6 11. Qd2 Rc6 12. Qf4 g6 13. Qxf8+ Kd7 14. Bf7 dxe5
15. Qe8+ Kd6 16. Qxc8 Rb6 17. Qxe6+ Kc5 18. Qd5+ Kb4 19. Qc4# {GrenouillatFel est échec et mat} 1-0

[Event "Tournament 14459 - Europe Echecs"]
[Site "Europe Echecs"]
[Date "2020.07.07"]
[Round "2"]
[Time "14:43:03"]
[PlyCount "40"]
[White "GarcinEleonore"]
[Black "HorsotMaeva"]
[WhiteElo "799"]
[BlackElo "1070"]
[Mode "WEB"]
[Result "1-0"]

1. e4 e5 2. Bc4 Nf6 3. Qf3 Bc5 4. g4 O-O 5. g5 Ne8 6. h4 Nc6 7. c3 d6 8. b4 Bb6
9. a4 a5 10. b5 Ne7 11. h5 Be6 12. Bxe6 fxe6 13. Qg2 c5 14. Qh2 Nc8 15. h6 Qxg5
16. hxg7 Qxg7 17. d4 exd4 18. Bh6 Qf6 19. Bxf8 Qxf8 20. Qxh7# {HorsotMaeva est échec et mat} 1-0

[Event "Tournament 14459 - Europe Echecs"]
[Site "Europe Echecs"]
[Date "2020.07.07"]
[Round "2"]
[Time "14:43:03"]
[PlyCount "120"]
[White "RobertPaul"]
[Black "HoarauAntoine"]
[WhiteElo "1070"]
[BlackElo "799"]
[Mode "WEB"]
[Result "1-0"]

1. e4 e5 2. Nf3 Nc6 3. Bc4 Nf6 4. Nc3 Bc5 5. O-O O-O 6. d3 Ng4 7. h3 Nxf2 8.
Rxf2 Bxf2+ 9. Kxf2 d6 10. Bg5 Qd7 11. d4 Na5 12. Bd5 c6 13. Bb3 Nxb3 14. axb3
Qe6 15. d5 cxd5 16. Qxd5 Qxd5 17. Nxd5 Be6 18. Ne7+ Kh8 19. Ke3 Rfe8 20. Nd5
Bxd5 21. exd5 e4 22. Nd4 Re5 23. c4 Rae8 24. Bf4 R5e7 25. Bxd6 Rd7 26. Bf4 f6
27. h4 h6 28. h5 g5 29. hxg6 Rg8 30. Bxh6 Rxg6 31. Bf4 Rxg2 32. Kxe4 Re7+ 33.
Kd3 Rg4 34. Be3 Rg3 35. Nc2 b6 36. Rf1 Rf7 37. Kd4 Rg4+ 38. Rf4 Rxf4+ 39. Bxf4
Rh7 40. d6 Rh4 41. Ke3 Rh3+ 42. Ke4 Rh7 43. Nd4 Rf7 44. b4 f5+ 45. Nxf5 Kh7 46.
c5 bxc5 47. bxc5 Kg6 48. Ne7+ Kf6 49. Be5+ Ke6 50. c6 Rf8 51. c7 Ra8 52. c8=Q+
Rxc8 53. Nxc8 Kd7 54. Nxa7 Ke6 55. b4 Kd7 56. b5 Ke6 57. b6 Kd7 58. b7 Kd8 59.
b8=Q+ Kd7 60. Qc8# {HoarauAntoine est échec et mat} 1-0

[Event "Tournament 14459 - Europe Echecs"]
[Site "Europe Echecs"]
[Date "2020.07.07"]
[Round "2"]
[Time "14:43:03"]
[PlyCount "58"]
[White "ClaverieCharle"]
[Black "PotieEmilio"]
[WhiteElo "1065"]
[BlackElo "799"]
[Mode "WEB"]
[Result "1-0"]

1. e4 e5 2. c3 Bc5 3. b4 Bb6 4. a4 Qf6 5. Nf3 d6 6. a5 Bxf2+ 7. Kxf2 Nh6 8. Ke1
Ng4 9. h3 Nh6 10. Kf2 O-O 11. Be2 c6 12. Rf1 d5 13. exd5 cxd5 14. Kg1 Qf4 15. d3
Qf5 16. Bxh6 gxh6 17. Nh4 Qg5 18. Qe1 Qe3+ 19. Kh1 Nc6 20. Rf3 Qg5 21. Rg3 Bg4
22. Rxg4 e4 23. Rxg5+ hxg5 24. Nf5 exd3 25. Bxd3 Rfe8 26. Qg3 b6 27. Qxg5+ Kf8
28. Qh6+ Kg8 29. Qg7# {PotieEmilio est échec et mat} 1-0

[Event "Tournament 14459 - Europe Echecs"]
[Site "Europe Echecs"]
[Date "2020.07.07"]
[Round "2"]
[Time "14:43:03"]
[PlyCount "81"]
[White "HuJeremy"]
[Black "IentileTimeo"]
[WhiteElo "799"]
[BlackElo "1064"]
[Mode "WEB"]
[Result "0-1"]

1. e4 d5 2. Nf3 dxe4 3. Ng5 Nf6 4. Nc3 Nc6 5. Ncxe4 Nxe4 6. Nxe4 Bf5 7. Ng3 Bg6
8. d4 Nxd4 9. Bb5+ Nxb5 10. Qxd8+ Rxd8 11. Bf4 e6 12. Bxc7 Nxc7 13. O-O Be7 14.
Rfe1 O-O 15. h3 Bxc2 16. Rec1 Ba4 17. Rxc7 Bf6 18. Nh5 Bxb2 19. Rb1 Bf6 20.
Nxf6+ gxf6 21. Rc4 Rd1+ 22. Rxd1 Bxd1 23. Rg4+ Bxg4 24. f3 Bf5 25. g4 Bd3 26.
Kf2 e5 27. Ke3 Rd8 28. f4 exf4+ 29. Kxf4 b5 30. h4 b4 31. g5 fxg5+ 32. Kxg5 b3
33. axb3 Rd4 34. h5 Rb4 35. h6 Rxb3 36. Kg4 a5 37. Kf4 a4 38. Ke3 Bc2+ 39. Kd2
Rb2 40. Kc1 a3 {HuJeremy a abandonné} 0-1

[Event "Tournament 14459 - Europe Echecs"]
[Site "Europe Echecs"]
[Date "2020.07.07"]
[Round "2"]
[Time "14:43:03"]
[PlyCount "48"]
[White "OgierDaniil"]
[Black "RossoTiziano"]
[WhiteElo "1059"]
[BlackElo "799"]
[Mode "WEB"]
[Result "1-0"]

1. d4 d5 2. Nf3 Nc6 3. g3 Nf6 4. Bg2 Bf5 5. O-O Nb4 6. Na3 e6 7. c3 Nc6 8. c4
dxc4 9. Nxc4 Bb4 10. Nce5 Nxe5 11. Nxe5 O-O 12. Bxb7 Rb8 13. Bg2 c5 14. Nc6 Qc7
15. Nxb8 Qxb8 16. Bf4 Qc8 17. Rc1 Qb8 18. Bxb8 Rxb8 19. dxc5 Ng4 20. h3 Ne5 21.
f4 Nc6 22. Bxc6 Bxh3 23. Qd6 Bxf1 24. Qxb8# {RossoTiziano est échec et mat} 1-0

[Event "Tournament 14459 - Europe Echecs"]
[Site "Europe Echecs"]
[Date "2020.07.07"]
[Round "2"]
[Time "14:43:03"]
[PlyCount "70"]
[White "LoosliTheo"]
[Black "BainthouverezA"]
[WhiteElo "799"]
[BlackElo "1058"]
[Mode "WEB"]
[Result "1-0"]

1. e4 e5 2. Nf3 Nc6 3. Nc3 Nf6 4. Bb5 Bc5 5. d3 O-O 6. O-O d6 7. h3 h6 8. Be3
Be6 9. Bd2 d5 10. Be3 d4 11. Bxd4 Bxd4 12. Nxd4 Nxd4 13. Ba4 Nc6 14. Bb3 Bxb3
15. axb3 Qe7 16. Ra4 Rad8 17. Nb5 a6 18. Nc3 Nd4 19. Ne2 Nxe2+ 20. Qxe2 Qc5 21.
Rd1 Rfe8 22. Rd2 Re6 23. Qd1 Rc6 24. d4 Qe7 25. dxe5 Rxd2 26. Qxd2 Qxe5 27. Qd8+
Qe8 28. Qd3 Kh7 29. e5+ Kh8 30. exf6 gxf6 31. Re4 Re6 32. Rg4 Re1+ 33. Kh2 Qe5+
34. Rg3 Qf4 35. Qd8+ {BainthouverezA a perdu au temps} 1-0

[Event "Tournament 14459 - Europe Echecs"]
[Site "Europe Echecs"]
[Date "2020.07.07"]
[Round "2"]
[Time "14:43:03"]
[PlyCount "63"]
[White "PonzeveraElsa"]
[Black "SauerMathis"]
[WhiteElo "799"]
[BlackElo "1058"]
[Mode "WEB"]
[Result "0-1"]

1. e4 e5 2. Nf3 Nc6 3. Bc4 Be7 4. Nc3 Nf6 5. O-O O-O 6. d3 d6 7. h3 Be6 8. Bxe6
fxe6 9. Bg5 d5 10. exd5 exd5 11. Bxf6 Bxf6 12. Re1 Re8 13. Nd2 Re6 14. Qg4 Bg5
15. Nf3 Rg6 16. Nxe5 Nxe5 17. Rxe5 Bf6 18. Rxd5 Rxg4 19. Rd6 Qxd6 20. h4 Bxc3
21. bxc3 Re8 22. Rb1 b6 23. c4 Rxh4 24. g3 Rd4 25. a4 Re2 26. Rb2 Qa3 27. Rb5
Rxc2 28. Rg5 Qxd3 29. f4 Rdxc4 30. f5 Qe2 31. g4 Qg2# {PonzeveraElsa est échec et mat} 0-1

[Event "Tournament 14459 - Europe Echecs"]
[Site "Europe Echecs"]
[Date "2020.07.07"]
[Round "2"]
[Time "14:43:03"]
[PlyCount "62"]
[White "SchmittVavihelA"]
[Black "SevindikKaan"]
[WhiteElo "1051"]
[BlackElo "799"]
[Mode "WEB"]
[Result "1-0"]

1. e4 d5 2. exd5 Qxd5 3. Nc3 Qe5+ 4. Qe2 Qd6 5. Nf3 Bg4 6. h3 Bxf3 7. Qxf3 Qe6+
8. Kd1 Nc6 9. Bb5 O-O-O 10. Bxc6 Qxc6 11. Qxc6 bxc6 12. d3 e6 13. Bg5 f6 14. Bf4
Bb4 15. Bd2 Ne7 16. a3 Nd5 17. axb4 Nxb4 18. Rxa7 Kd7 19. Nb5 Rb8 20. Bxb4 Rb6
21. Rxc7+ Kd8 22. Ra7 Rb8 23. Nd4 Rxb4 24. Nxc6+ Kc8 25. Nxb4 Rd8 26. Rxg7 Rh8
27. Re1 Kd8 28. Rxe6 Kc8 29. Ra6 Kb8 30. Nc6+ Kc8 31. Ra8# {SevindikKaan est échec et mat} 1-0

[Event "Tournament 14459 - Europe Echecs"]
[Site "Europe Echecs"]
[Date "2020.07.07"]
[Round "2"]
[Time "14:43:03"]
[PlyCount "94"]
[White "SemetroudenkoA"]
[Black "FortinGuilhem"]
[WhiteElo "799"]
[BlackElo "1043"]
[Mode "WEB"]
[Result "1-0"]

1. e4 e5 2. Nf3 Nc6 3. Bb5 d6 4. Bxc6+ bxc6 5. O-O Nf6 6. d3 Bg4 7. Bg5 h6 8.
Bh4 Be7 9. h3 Bxf3 10. Qxf3 O-O 11. Nc3 d5 12. exd5 cxd5 13. Rad1 d4 14. Bxf6
Bxf6 15. Ne4 Be7 16. c3 dxc3 17. Nxc3 Rb8 18. b3 Re8 19. Nd5 c6 20. Nxe7+ Rxe7
21. Qe3 c5 22. Rfe1 Rc8 23. g3 Rc6 24. Qe4 Rd6 25. Kg2 Rd4 26. Qe3 e4 27. Qe2
Rxd3 28. Rxd3 Qxd3 29. Qxd3 exd3 30. Rxe7 d2 31. Rd7 Kf8 32. Rxd2 f6 33. Rd7 Ke8
34. Rxa7 g5 35. h4 gxh4 36. gxh4 Kd8 37. Ra6 f5 38. Rxh6 f4 39. Rh8+ Ke7 40. h5
Kd6 41. h6 Ke7 42. Ra8 Kf7 43. h7 Kg7 44. h8=Q+ Kg6 45. Ra6+ Kg5 46. Qg7+ Kh5
47. Rh6# {FortinGuilhem est échec et mat} 1-0

[Event "Tournament 14459 - Europe Echecs"]
[Site "Europe Echecs"]
[Date "2020.07.07"]
[Round "3"]
[Time "15:11:54"]
[PlyCount "70"]
[White "BoulosPaul"]
[Black "RodriguezAugus"]
[WhiteElo "1705"]
[BlackElo "1229"]
[Mode "WEB"]
[Result "1-0"]

1. e4 e6 2. d4 d5 3. exd5 exd5 4. c3 Nf6 5. Bd3 Be7 6. h3 O-O 7. Qf3 c6 8. Ne2
Nbd7 9. O-O Nb6 10. Bf4 Be6 11. Nd2 Bd6 12. Rfe1 Re8 13. Bxd6 Qxd6 14. Nf4 Re7
15. Nh5 Nxh5 16. Qxh5 g6 17. Qh6 Rae8 18. Nf3 f6 19. Bxg6 hxg6 20. Qxg6+ Kf8 21.
Qxf6+ Rf7 22. Qh6+ Kg8 23. Ng5 Rfe7 24. Qg6+ Kh8 25. Rxe6 Qxe6 26. Nxe6 Rxe6 27.
Qh5+ Kg7 28. g4 Rh8 29. Qg5+ Kf7 30. Qf5+ Rf6 31. Qe5 Rxh3 32. g5 Rg6 33. Qf5+
Kg7 34. Qxh3 Rxg5+ 35. Kf1 {RodriguezAugus a abandonné} 1-0

[Event "Tournament 14459 - Europe Echecs"]
[Site "Europe Echecs"]
[Date "2020.07.07"]
[Round "3"]
[Time "15:11:54"]
[PlyCount "171"]
[White "ZadoyanGurgen"]
[Black "BreuilVirgile"]
[WhiteElo "1256"]
[BlackElo "1622"]
[Mode "WEB"]
[Result "0-1"]

1. e4 e5 2. Nf3 Nc6 3. Bb5 Nge7 4. O-O g6 5. Nc3 Bg7 6. d3 O-O 7. Be3 d6 8. h3
f5 9. Bc4+ Kh8 10. Ng5 Qe8 11. exf5 Nxf5 12. Nd5 Qd7 13. g4 Nh4 14. f4 exf4 15.
Rxf4 Rxf4 16. Nxf4 Ne5 17. Bb3 h6 18. Nge6 Qe7 19. d4 Bxe6 20. Nxe6 Nef3+ 21.
Kh1 c6 22. Qc1 d5 23. Nxg7 Qxg7 24. c3 g5 25. Bc2 Qc7 26. Bg1 Qg3 27. Qf1 Nxg1
28. Qxg1 Qf3+ 29. Kh2 Qe2+ 30. Kh1 Qxc2 31. Re1 Qd3 32. Re3 Qg6 33. Qg3 Rf8 34.
Qe5+ Qf6 35. Qxf6+ Rxf6 36. Re7 Rf1+ 37. Kh2 Rf2+ 38. Kg1 Rxb2 39. Re6 Kg7 40.
Re7+ Kf6 41. Rh7 Kg6 42. Rd7 Nf3+ 43. Kf1 Nd2+ 44. Ke1 Ne4 45. a4 Nxc3 46. Rd6+
Kg7 47. Rd7+ Kf8 48. Rh7 Rb1+ 49. Kd2 Ne4+ 50. Kc2 Rb4 51. Rxh6 Rxd4 52. Rh7 Nc5
53. a5 Rc4+ 54. Kd2 Ra4 55. Rc7 Rxa5 56. Rc8+ Ke7 57. Rc7+ Kd6 58. Rg7 Ke6 59.
Rg6+ Kf7 60. Rh6 Ra3 61. Rh7+ Kg6 62. Rh8 b5 63. Rg8+ Kf7 64. Rh8 b4 65. Rh7+
Kg6 66. Rh8 Ne4+ 67. Kc2 Nf2 68. Rg8+ Kf6 69. Rf8+ Kg7 70. Rxf2 Ra2+ 71. Kb3
Rxf2 72. Kxb4 Rf3 73. Kc5 Rxh3 74. Kxc6 Rg3 75. Kxd5 Rxg4 76. Kc5 Rf4 77. Kb5 g4
78. Ka6 g3 79. Kxa7 g2 80. Kb6 g1=Q+ 81. Kc6 Qd1 82. Kc5 Rf2 83. Kc6 Rc2+ 84.
Kb5 Qb1+ 85. Ka5 Ra2# {ZadoyanGurgen est échec et mat} 0-1

[Event "Tournament 14459 - Europe Echecs"]
[Site "Europe Echecs"]
[Date "2020.07.07"]
[Round "3"]
[Time "15:11:54"]
[PlyCount "75"]
[White "BatailleSimon"]
[Black "AuribaultLouis"]
[WhiteElo "1230"]
[BlackElo "1618"]
[Mode "WEB"]
[Result "0-1"]

1. e4 e5 2. Nc3 Nf6 3. f4 d5 4. fxe5 Nxe4 5. Nxe4 dxe4 6. Bc4 Bc5 7. Qh5 O-O 8.
d3 exd3 9. Bxd3 h6 10. Bxh6 g6 11. Qf3 Qh4+ 12. g3 Qxh6 13. Ne2 Qe3 14. Rf1 Qxf3
15. Rxf3 Bg4 16. Rf4 Bxe2 17. Bxe2 Nc6 18. Bc4 Nxe5 19. Re4 Nxc4 20. Rxc4 Bb6
21. O-O-O Rad8 22. Rf1 Rd6 23. Rcf4 Be3+ 24. Kb1 Bxf4 25. gxf4 Rfd8 26. a3 Rd1+
27. Rxd1 Rxd1+ 28. Ka2 Rd2 29. c3 Rxh2 30. a4 Rf2 31. Ka3 Rxf4 32. b3 g5 33. c4
g4 34. a5 g3 35. Ka4 g2 36. Kb5 g1=Q 37. c5 Qf1# {BatailleSimon est échec et mat} 0-1

[Event "Tournament 14459 - Europe Echecs"]
[Site "Europe Echecs"]
[Date "2020.07.07"]
[Round "3"]
[Time "15:11:54"]
[PlyCount "66"]
[White "AnseeuwEmma"]
[Black "VirgoNathan"]
[WhiteElo "1228"]
[BlackElo "1560"]
[Mode "WEB"]
[Result "1-0"]

1. e4 e5 2. Nf3 Nc6 3. Nc3 Bc5 4. Bc4 Nf6 5. O-O d6 6. h3 Be6 7. Bxe6 fxe6 8.
Ng5 Qe7 9. d3 h6 10. Nf3 O-O 11. a3 Nd4 12. Nh4 Nd7 13. Ng6 Qf6 14. Nxf8 Qxf8
15. Qg4 Nxc2 16. Bxh6 Nxa1 17. Rxa1 Qxf2+ 18. Kh1 Qf8 19. Nb5 Rc8 20. Qxe6+ Qf7
21. Qg4 Nf6 22. Qxc8+ Kh7 23. Bg5 Qg6 24. Bxf6 gxf6 25. Qxc7+ Kh6 26. Qxb7 Bf2
27. Nxa7 Kh5 28. Qb8 Kh4 29. Qh8+ Kg3 30. Nc6 Be3 31. Rf1 Bf2 32. Nb4 Be1 33.
Rf3# {VirgoNathan est échec et mat} 1-0

[Event "Tournament 14459 - Europe Echecs"]
[Site "Europe Echecs"]
[Date "2020.07.07"]
[Round "3"]
[Time "15:11:54"]
[PlyCount "46"]
[White "BonelliMaestra"]
[Black "YvonGregoire"]
[WhiteElo "1545"]
[BlackElo "1210"]
[Mode "WEB"]
[Result "1-0"]

1. e4 e5 2. Nf3 Nc6 3. Bb5 Bc5 4. c3 d6 5. O-O Bg4 6. d4 exd4 7. cxd4 Bb6 8. d5
Bxf3 9. Qxf3 a6 10. Ba4 Bd4 11. dxc6 b6 12. Bb3 Nf6 13. Nc3 d5 14. exd5 O-O 15.
Bg5 Re8 16. Rad1 Bc5 17. Bxf6 Qxf6 18. Qxf6 gxf6 19. Rfe1 Rxe1+ 20. Rxe1 Rf8 21.
Ne4 Bb4 22. Rd1 Re8 23. Nxf6+ {YvonGregoire a abandonné} 1-0

[Event "Tournament 14459 - Europe Echecs"]
[Site "Europe Echecs"]
[Date "2020.07.07"]
[Round "3"]
[Time "15:11:54"]
[PlyCount "48"]
[White "KhouryTheo"]
[Black "SingaramSheyon"]
[WhiteElo "1465"]
[BlackElo "1209"]
[Mode "WEB"]
[Result "1-0"]

1. e4 e5 2. Nf3 Nc6 3. d4 exd4 4. Nxd4 Bc5 5. Nxc6 Qf6 6. Qf3 Qxc6 7. Nc3 Nf6 8.
Bd3 O-O 9. O-O d6 10. h3 Be6 11. Bg5 Nd7 12. a4 Ne5 13. Qe2 Nxd3 14. Qxd3 Bc4
15. Qf3 Bxf1 16. Kxf1 f5 17. Nd5 Kh8 18. exf5 Rae8 19. f6 g6 20. f7 h6 21.
fxe8=Q Qxe8 22. Qc3+ Qe5 23. Bf6+ Rxf6 24. Nxf6 {SingaramSheyon a abandonné} 1-0

[Event "Tournament 14459 - Europe Echecs"]
[Site "Europe Echecs"]
[Date "2020.07.07"]
[Round "3"]
[Time "15:11:54"]
[PlyCount "89"]
[White "TavaresRibeiro"]
[Black "KouamNoe"]
[WhiteElo "1225"]
[BlackElo "1462"]
[Mode "WEB"]
[Result "0-1"]

1. c4 Nf6 2. Nc3 g6 3. Nf3 Bg7 4. g3 d6 5. Bg2 O-O 6. O-O Nc6 7. d4 e5 8. Be3 e4
9. Ng5 Ng4 10. Ngxe4 Nxe3 11. fxe3 Re8 12. Qd3 Bf5 13. Qd2 Na5 14. b3 Bxe4 15.
Nxe4 Nc6 16. Rad1 f5 17. Nc3 Qg5 18. Nd5 Rac8 19. Rf4 Bh6 20. Rdf1 Qd8 21. R4f3
Re4 22. Qd3 Kg7 23. Qxe4 fxe4 24. Rf7+ Kg8 25. Bh3 Rb8 26. Be6 Kh8 27. Nf6 Bg7
28. Nxe4 Qe8 29. Bd5 Nb4 30. Ng5 Qxe3+ 31. Kh1 Qxg5 32. R7f4 Nxd5 33. cxd5 Qxd5+
34. Kg1 Bxd4+ 35. R4f2 Bxf2+ 36. Rxf2 Qd4 37. Kg2 Re8 38. Kf1 Qd1+ 39. Kg2 Rxe2
40. Rxe2 Qxe2+ 41. Kh3 Kg7 42. a4 Kh6 43. g4 Qf3+ 44. Kh4 g5# {TavaresRibeiro est échec et mat} 0-1